The way we think: conceptual blending and the mind's hidden complexities

Saved in:
Bibliografiske detaljer
Main Authors: Fauconnier, Gilles (Author), Turner, Mark (Author)
Format: Bog
Sprog:engelsk
Udgivet: Nueva York Basic Books 2003
Udgivelse:1a. ed
Fag:
Tags: Tilføj Tag
Ingen Tags, Vær først til at tagge denne postø!

MARC

LEADER 00000nam a2200000 a 4500
001 UCL9901
003 CL-VaPUC
008 040903e20030000US |||||||||||||||||eng|d
020 |a 046508785X 
082 0 4 |a 153.4  |b FAU  |2 21 
100 0 |a Fauconnier, Gilles  |e author  |9 487807 
700 0 |a Turner, Mark  |e author  |9 487808 
245 1 4 |a The way we think: conceptual blending and the mind's hidden complexities 
250 |a 1a. ed 
300 |a 440 p 
942 |c BK 
945 |d 20040903 00:00:00  |a cmena 
260 |a Nueva York  |b Basic Books  |c 2003 
650 0 |a Procesos mentales superiores  |9 330839 
650 0 |a Cognición   |9 270347 
650 0 |a Desarrollo mental   |9 313003 
650 0 |a Adquisición del lenguaje   |9 309032 
583 |a last modification  |c 20040903 00:00:00  |k Rodrigo Vera 
999 |c 310518  |d 310516 
952 |0 0  |1 0  |4 0  |6 153_400000000000000_FAU_2003  |7 0  |8 A  |9 379080  |a FDOPOS  |b FDOPOS  |d 2019-11-21  |i 4056140  |o 153.4 FAU 2003  |p 4056140  |r 2025-01-22  |w 2019-11-21  |y BK  |k MLA